Gaming Quiz

Random Gaming or Board Games Quiz

Final fantasy party Quiz Stats

 Plays Quiz not verified by Sporcle

Challenge
Share
Tweet
Embed
Score 0/80 Timer 10:00
0 Plays Today
Game Character % Correct
FF IIICid
93.3%
FF VIICloud Strife
93.3%
FF VIICid Highwind
93.3%
FF IVCid Pollendina
93.3%
FF VIITifa Lockheart
88.7%
FF XTidus
88%
FF VIIBarrett Wallace
87.3%
FF VIIRed XIII
87.3%
FF VIIAerith Gainsborough
86.7%
FF VIIISquall Leonheart
86.7%
FF XYuna
86%
FF VIIYuffie Kisaragi
84.7%
FF VIIVincent Valentine
83.3%
FF XWakka
82.7%
FF VIICait Sith
81.3%
FF XAuron
81.3%
FF XLulu
79.3%
FF XRikku
79.3%
FF IXZidane Tribal
77.3%
FF IVCecil Harvey
76.7%
FF VITerra Branford
76.7%
FF IXVivi Orunitia
75.3%
FF IIIWarriors of Light
72%
FF VIIIQuistis Trepe
72%
FF VIIIRinoa Heartilly
70.7%
FF XKimahri Ronso
70.7%
FF VIIIZell Dincht
70%
FF VBartz Klauser
68.7%
FF VIIISelphie Tilmitt
68.7%
FF IXGarnet 'Dagger' til Alexandros XVII
68.7%
FF IVKain Highwind
68%
FF VILocke Cole
66%
FF IXAdelbert Steiner
65.3%
FF VIMog
64%
FF IVRosa Joanna Farrell
63.3%
FF VIClyde 'Shadow' Arrowny(?)
62.7%
FF IVPalom
62%
FF VIIIIrvine Kinneas
62%
FF IVRydia of Mist
60.7%
FF IXQuina Quen
60.7%
Game Character % Correct
FF IVEdward/Gilbert von Muir
60%
FF IVPorom
60%
FF VICeles Chere
60%
FF IXFreya Crescent
60%
FF IVEdward 'Edge' Geraldine
59.3%
FF VISabin Rene Figaro
59.3%
FF VISetzer Gabbianni
58.7%
FF VIEdgar Roni Figaro
58%
FF IVSage Tellah
57.3%
FFWarriors of Light
56.7%
FF VICyan Garamonde
56.7%
FF VIGau
54.7%
FF IXEiko Carol
54%
FF IIFirion
53.3%
FF VIGogo
52.7%
FF IXAmarant Coral
52%
FF IVFuSoYa
51.3%
FF IVYang Fang Leiden
50.7%
FF VIStrago Magus
48.7%
FF VIRelm Arrowny
48.7%
FF VIUmaro
47.3%
FF VFaris Scherwiz
44.7%
FF VLenna Charlotte Tycoon
44%
FF VGaluf Halm Baldesion
42.7%
FF IILeon
40%
FF IIMaria
39.3%
FF IIGuy
39.3%
FF VKrile Mayer Baldesion
34%
FF IIMinwu
29.3%
FF IIRicard Highwind
28%
FF IIJosef
28%
FF IIIPrincess Sara
25.3%
FF IIGordon
22.7%
FF IIScott
18.7%
FF IILeila
18%
FF IIIDesch
16.7%
FF IIIUnei
10%
FF IIIDoga
10%
FF IIIAria
7.3%
FF IIIAlus
6.7%

You're not logged in!

Compare scores with friends on all Sporcle quizzes.
OR
Log In

You Might Also Like...

Show Comments

Extras

Top Quizzes Today


Score Distribution

Your Account Isn't Verified!

In order to create a playlist on Sporcle, you need to verify the email address you used during registration. Go to your Sporcle Settings to finish the process.

Report this User

Report this user for behavior that violates our Community Guidelines.

Details: